| 000 | 00438nam a22001697a 4500 | ||
|---|---|---|---|
| 003 | macl | ||
| 005 | 20151226153317.0 | ||
| 008 | 151226b xxu||||| |||| 00| 0 eng d | ||
| 040 | _cmacl | ||
| 041 | _aEnglish | ||
| 082 | _a020/SIN | ||
| 100 |
_aSingh Jagtar _922931 |
||
| 245 | _aLibrary And Information Science In Digital Age | ||
| 260 |
_aNew Delhi _bEss Ess Publications _c2009 |
||
| 650 |
_aLibrary Science _957 |
||
| 942 |
_2ddc _cBK |
||
| 999 |
_c51982 _d51982 |
||